000 00475nam a2200181Ia 4500
001 4549
005 20260306145804.0
008 260306t2019||||xx |||||||||||||| ||spa||
041 _aESP
082 _a324.6
_bV66
100 _aVillalobos Campana, José Manuel
_eAUT
245 0 _aManual para candidatos:
_belecciones congresales extraordinarias 2020
260 _c2019
300 _a148 páginas :
_c30 cm.
650 _aGEN
654 _aCHU
942 _cLIB
_dJUS
_fJUS
_2ddc
_n
999 _c4549
_d4549